Shakin maailmanmestarit - Statistics

Yleistilastot
  • Tätä visaa on pelattu 6 kertaa
  • Keskiarvotulos 8 / 27
Vastaustilastot
Vuodet Kotimaa Mestari % Oikein
1985-1993 Azerbaidzan Garri Kasparov
100%
1972-1975 Yhdysvallat Bobby Fischer
83%
2013-2023 Norja Magnus Carlsen
83%
1975-1985 Venäjä Anatoli Karpov
67%
1993-1999 Venäjä Anatoli Karpov
67%
1969-1972 Venäjä Boris Spasski
50%
1948-1957 Venäjä Mihail Botvinnik
33%
1958-1960 Venäjä Mihail Botvinnik
33%
1961-1963 Venäjä Mihail Botvinnik
33%
2005-2006 Bulgaria Veselin Topalov
33%
2006-2007 Venäjä Vladimir Kramnik
33%
1894-1921 Saksa Emanuel Lasker
17%
2024- Intia Gukesh Dommaraju
17%
1921-1927 Kuuba Jose Raul Capablanca
17%
1935-1937 Alankomaat Max Euwe
17%
1960-1961 Latvia Mihail Tal
17%
1963-1969 Georgia Tigran Petrosjan
17%
1957-1958 Venäjä Vasili Smyslov
17%
2000-2002 Intia Viswanathan Anand
17%
2007-2013 Intia Viswanathan Anand
17%
1886-1894 Tsekki Wilhelm Steinitz
17%
1927-1935 Venäjä Aleksandr Alehin
0%
1937-1946 Venäjä Aleksandr Alehin
0%
1999-2000 Venäjä Aleksandr Halifman
0%
2023-2024 Kiina Ding Liren
0%
2002-2004 Ukraina Ruslan Ponomarov
0%
2004-2005 Uzbekistan Rustam Qosimjonov
0%
Ehtoja vastaavia visoja ei löytynyt
Tulosjakauma
Jokaisen tuloksen saaneiden osuus
Persentiili vastausten määrän mukaan
Tuloshistoriasi
Et ole pelannut tätä visaa